MARC details
| 000 -CABECERA |
| campo de control de longitud fija |
02232nam a22003977a 4500 |
| 003 - IDENTIFICADOR DEL NÚMERO DE CONTROL |
| campo de control |
CHAP |
| 005 - FECHA Y HORA DE LA ÚLTIMA TRANSACCIÓN |
| campo de control |
20240521101311.0 |
| 007 - CAMPO FIJO DE DESCRIPCIÓN FÍSICA--INFORMACIÓN GENERAL |
| campo de control de longitud fija |
ta |
| 008 - DATOS DE LONGITUD FIJA--INFORMACIÓN GENERAL |
| campo de control de longitud fija |
221115s2021 |||eobdfs||||a001 0 spa d |
| 040 ## - FUENTE DE LA CATALOGACIÓN |
| Centro catalogador/agencia de origen |
mxchpua |
| 090 ## - LOCALMENTE ASIGNADO TIPO-LC NÚMERO DE CLASIFICACIÓN (OCLC); NÚMERO DE CLASIFICACIÓN LOCAL (RLIN) |
| Número de clasificación (OCLC) (R) ; Numero de clasificación, CALL (RLIN) (NR) |
T.C.873 |
| Número cutter local (OCLC) ; Número de libro/Signatura topográfica íntegra, CALL (RLIN) |
L36 EIUPA |
| Año |
2021 |
| 245 10 - MENCIÓN DE TÍTULO |
| Título |
Empacadora agrícola Fuerte Yaqui, S.C. de R.S. de C.V. en Cajeme, Sonora / |
| Mención de responsabilidad, etc. |
coordinadores Patricia Landa Salgado y Vicente López Bautista ; colaboradores Luis Ángel Castillo Pérez...[y otros] |
| 260 ## - PUBLICACIÓN, DISTRIBUCIÓN, ETC. |
| Lugar de publicación, distribución, etc. |
Chapingo, México : |
| Nombre del editor, distribuidor, etc. |
El autor, |
| Fecha de publicación, distribución, etc. |
2021 |
| 300 ## - DESCRIPCIÓN FÍSICA |
| Extensión |
1 recurso en línea (104 hojas) : |
| Otras características físicas |
gráficas, mapas, fotos, planos |
| 336 ## - TIPO DE CONTENIDO |
| Fuente |
rdacontent |
| Término de tipo de contenido |
texto |
| Código de tipo de contenido |
txt |
| 337 ## - TIPO DE MEDIO |
| Fuente |
rda media |
| Nombre/término del tipo de medio |
computadora |
| Código del tipo de medio |
c |
| 338 ## - TIPO DE SOPORTE |
| Fuente |
rdacarrier |
| Nombre/término del tipo de soporte |
recurso en línea |
| Código del tipo de soporte |
cr |
| 500 ## - NOTA GENERAL |
| Nota general |
Grado : 7° año Grupo : 05 |
| 502 ## - NOTA DE TESIS |
| Nota de tesis |
Viaje de Estudios |
| Tipo de título |
(EIUPA) -- |
| Nombre de la institución que otorga el título |
UACh. Departamento de Ingeniería Agroindustrial, |
| Año de obtención del título |
2021 |
| 504 ## - NOTA DE BIBLIOGRAFÍA, ETC. |
| Nota de bibliografía, etc. |
Bibliografía : hoja 74-81 |
| 505 0# - NOTA DE CONTENIDO CON FORMATO |
| Nota de contenido con formato |
Contiene 2 planos : --<br/>1. Plano distribución de áreas (Esc. 1 : 50) --<br/>2. Diagrama de recorrido (Esc. 1:50) |
| 650 13 - PUNTO DE ACCESO ADICIONAL DE MATERIA--TÉRMINO DE MATERIA |
| 9 (RLIN) |
161131 |
| Término de materia o nombre geográfico como elemento de entrada |
Capsicum |
| Subdivisión general |
Calidad de las hortalizas |
| Subdivisión geográfica |
México |
| -- |
Sonora |
| 650 13 - PUNTO DE ACCESO ADICIONAL DE MATERIA--TÉRMINO DE MATERIA |
| 9 (RLIN) |
159822 |
| Término de materia o nombre geográfico como elemento de entrada |
Productos a base de hortalizas |
| Subdivisión general |
Organización industrial y estructura de mercado |
| Subdivisión geográfica |
México |
| -- |
Sonora |
| 650 13 - PUNTO DE ACCESO ADICIONAL DE MATERIA--TÉRMINO DE MATERIA |
| 9 (RLIN) |
162474 |
| Término de materia o nombre geográfico como elemento de entrada |
Industria de las hortalizas |
| Subdivisión geográfica |
México |
| -- |
Sonora |
| 650 13 - PUNTO DE ACCESO ADICIONAL DE MATERIA--TÉRMINO DE MATERIA |
| 9 (RLIN) |
148404 |
| Término de materia o nombre geográfico como elemento de entrada |
Plantas empacadoras |
| Subdivisión geográfica |
México |
| -- |
Sonora |
| 650 13 - PUNTO DE ACCESO ADICIONAL DE MATERIA--TÉRMINO DE MATERIA |
| 9 (RLIN) |
161131 |
| Término de materia o nombre geográfico como elemento de entrada |
Capsicum |
| Subdivisión general |
Vegetable quality |
| Subdivisión geográfica |
Mexico |
| -- |
Sonora |
| 650 13 - PUNTO DE ACCESO ADICIONAL DE MATERIA--TÉRMINO DE MATERIA |
| 9 (RLIN) |
159823 |
| Término de materia o nombre geográfico como elemento de entrada |
Vegetable products |
| Subdivisión general |
Industrial organization and market structure |
| Subdivisión geográfica |
Mexico |
| -- |
Sonora |
| 650 13 - PUNTO DE ACCESO ADICIONAL DE MATERIA--TÉRMINO DE MATERIA |
| 9 (RLIN) |
162475 |
| Término de materia o nombre geográfico como elemento de entrada |
Vegetable industry |
| Subdivisión geográfica |
Mexico |
| -- |
Sonora |
| 650 13 - PUNTO DE ACCESO ADICIONAL DE MATERIA--TÉRMINO DE MATERIA |
| 9 (RLIN) |
148403 |
| Término de materia o nombre geográfico como elemento de entrada |
Packing houses |
| Subdivisión geográfica |
Mexico |
| -- |
Sonora |
| 700 1# - PUNTO DE ACCESO ADICIONAL--NOMBRE DE PERSONA |
| 9 (RLIN) |
148104 |
| Nombre de persona |
Landa Salgado, Patricia |
| Término indicativo de función/relación |
coordinadora |
| 700 1# - PUNTO DE ACCESO ADICIONAL--NOMBRE DE PERSONA |
| 9 (RLIN) |
147030 |
| Nombre de persona |
López Bautista, Vicente |
| Término indicativo de función/relación |
coordinador |
| 700 1# - PUNTO DE ACCESO ADICIONAL--NOMBRE DE PERSONA |
| 9 (RLIN) |
185663 |
| Nombre de persona |
Castillo Pérez, Luis Ángel |
| Término indicativo de función/relación |
colaborador |
| 856 40 - LOCALIZACIÓN Y ACCESO ELECTRÓNICOS |
| Identificador Uniforme del Recurso |
<a href="http://10.13.5.2/ve/T_C_873_EIUPA/T_C_873_EIUPA_2021-REPORTE_pdf">http://10.13.5.2/ve/T_C_873_EIUPA/T_C_873_EIUPA_2021-REPORTE_pdf</a> |
| Texto de enlace |
DESCARGAR REPORTE |
| 856 40 - LOCALIZACIÓN Y ACCESO ELECTRÓNICOS |
| Identificador Uniforme del Recurso |
<a href="http://10.13.5.2/ve/T_C_873_EIUPA/T_C_873_EIUPA_2021-DIAGRAMA_DE_RECORRIDO_pdf">http://10.13.5.2/ve/T_C_873_EIUPA/T_C_873_EIUPA_2021-DIAGRAMA_DE_RECORRIDO_pdf</a> |
| Texto de enlace |
DESCARGAR DIAGRAMA DE RECORRIDO |
| 856 40 - LOCALIZACIÓN Y ACCESO ELECTRÓNICOS |
| Identificador Uniforme del Recurso |
<a href="http://10.13.5.2/ve/T_C_873_EIUPA/T_C_873_EIUPA_2021-PLANO_DE_DISTRIBUCION_DE_AREAS_pdf">http://10.13.5.2/ve/T_C_873_EIUPA/T_C_873_EIUPA_2021-PLANO_DE_DISTRIBUCION_DE_AREAS_pdf</a> |
| Texto de enlace |
DESCARGAR PLANO DE DISTRIBUCIÓN DE ÁREAS |